E46(釜石道・秋田道)のIC - Statistics

General Stats
  • This quiz has been taken 33 times
  • The average score is 13 of 22
Answer Stats
釜石道 % Correct
JCT 北上
96%
JCT 花巻
91%
IC/JCT 横手
91%
JCT 釜石
87%
IC 大曲
83%
IC 遠野
78%
IC 花巻空港
74%
SA 錦秋湖
74%
IC 北上西
70%
IC 湯田
65%
PA 山内
52%
IC 宮守
48%
SA/SIC 西仙北
48%
JCT 河辺
48%
IC 釜石仙人峠
43%
IC 滝観洞
43%
IC 東和
43%
SIC 横手北
39%
IC 遠野住田
35%
PA 大森
35%
IC 協和
35%
IC 江刺田瀬
30%
No matching quizzes found
Score Distribution
Percent of People with Each Score
Percentile by Number Answered
Your Score History
You have not taken this quiz